000 00648nam a2200241Ia 4500
003 OSt
005 20220924115838.0
006 a|||||r|||| 00| 0
007 ta
008 220923b |||||||| |||| 00| 0 per d
024 _a268579
037 _cTextual
040 _aARTS
_cARTS
_bper
041 _2per
_aper
082 _aO164,1KAL:g, M1
100 _aSyed Maqbool Ahmad
_9179858
245 0 _aSharah mufta ahwal
260 _aDelhi
_bFarsi danishgah India
_c1981
300 _a242p.
_ccm.
650 _aPERSIAN POETRY
942 _hO164,1KAL:g, M1
_cTEXL
_2CC
999 _c400167
_d400167